000 00964nas a2200289 4500
001 BR9512047
003 BR-BrBNA
005 20231205095628.0
007 ta
008 230509b bl.|||p| |||| 00| 00por d
040 _aBR-BrBNA
_bpor
_cBiblioteca Nacional de Agricultura
041 _a(Pt)
072 _aF30
100 1 _aLeite, J.B.V.
100 1 _aAndersen, O.
100 1 _aPinheiro, R.V.R.
111 1 _a12. Congresso Brasileiro de Fruticultura
_cPorto Alegre, RS (Brazil)
_d17-22 Jan 1993
245 1 _aCompeticao de cultivares e selecoes de Macadamia integrifolia Maiden e Betche, na regiao de Araponga, Minas Gerais
650 _aMacadamia
650 _aVariedade
650 _aSelecao Genetica
650 _aProducao
650 _aCompeticao de Variedade
773 0 _tRevista Brasileira de Fruticultura (Brazil)
_xISSN 0100-2945
_g1992, v. 14(2) p. 115-120
_wBR9512047
909 _a202311
_bLúcia
_c55
_dLúcia Elande
942 _2AGRIS
_n0
_cANA
999 _c151798
_d151798